000 00686cam a2200205 4500
001 4669
005 20181127173914.0
008 960215s1995 caua 001 0 eng
010 _a 95071657
020 _a9788189535001
041 1 _aeng
_hhin
100 0 _aYogananda,
_cParamahansa,
_d1893-1952.
245 1 4 _aThe Bhagavad Gita :
_bGod talks with Arjuna : royal science of God realization /
_cParamahansa Yogananda.
260 _aKolkata, India :
_bYogoda Satsanga Society of India,
_c2011.
300 _av p. ;
_b
_c25 cm.
500 _aIncludes index in v. 1 & 2.
630 0 0 _aBhagavadgita
_xCommentaries.
730 0 2 _aBhagavadgita.
_lEnglish.
999 _c3877
_d3877